000 00329nam a2200133Ia 4500
003 OSt
008 191201s2004 xx 000 0 und d
100 _aRAO, P. Subba
245 0 _aPersonnel and Human Resource Management
260 _aN. Delhi
_bHimalaya Publication House
_c2004
300 _a478
650 _aMBA
942 _2ddc
_cBK
999 _c213
_d213